|
|
|
|
| LEADER |
02791nam a2200673 4500 |
| 001 |
ocn858778393 |
| 003 |
OCoLC |
| 005 |
20170124072007.1 |
| 006 |
m o d |
| 007 |
cr ||||||||||| |
| 008 |
130920t20142014nju ob 001 0 eng |
| 010 |
|
|
|a 2013038432
|
| 040 |
|
|
|a DLC
|b eng
|e rda
|c DLC
|d YDX
|d N$T
|d DG1
|d RECBK
|d YDXCP
|d OCLCF
|d UKMGB
|d VLB
|d COO
|d E7B
|d NKT
|d CUS
|d DG1
|d GrThAP
|
| 015 |
|
|
|a GBB418053
|2 bnb
|
| 016 |
7 |
|
|a 016628919
|2 Uk
|
| 019 |
|
|
|a 908034699
|
| 020 |
|
|
|a 9781118572917 (ePub)
|
| 020 |
|
|
|a 1118572912 (ePub)
|
| 020 |
|
|
|a 9781118572924 (Adobe PDF)
|
| 020 |
|
|
|a 1118572920 (Adobe PDF)
|
| 020 |
|
|
|z 9781118572931 (pbk.)
|
| 020 |
|
|
|z 9781118572894 (electronic bk.)
|
| 020 |
|
|
|z 1118572890 (electronic bk.)
|
| 020 |
|
|
|a 1118572939
|
| 020 |
|
|
|a 9781118572931
|
| 029 |
1 |
|
|a NZ1
|b 15500020
|
| 035 |
|
|
|a (OCoLC)858778393
|z (OCoLC)908034699
|
| 042 |
|
|
|a pcc
|
| 050 |
0 |
0 |
|a BF637.B4
|
| 072 |
|
7 |
|a PSY
|x 008000
|2 bisacsh
|
| 072 |
|
7 |
|a SCI
|x 090000
|2 bisacsh
|
| 082 |
0 |
0 |
|a 153.8/5
|2 23
|
| 049 |
|
|
|a MAIN
|
| 100 |
1 |
|
|a Borland, Ron,
|e author.
|
| 245 |
1 |
0 |
|a Understanding hard to maintain behaviour change :
|b a dual process approach /
|c Ron Borland.
|
| 264 |
|
1 |
|a Hoboken, New Jersey :
|b Wiley-Blackwell, Addiction Press,
|c 2014.
|
| 264 |
|
4 |
|c ©2014
|
| 300 |
|
|
|a 1 online resource.
|
| 336 |
|
|
|a text
|2 rdacontent
|
| 337 |
|
|
|a computer
|2 rdamedia
|
| 338 |
|
|
|a online resource
|2 rdacarrier
|
| 504 |
|
|
|a Includes bibliographical references and index.
|
| 505 |
0 |
|
|a An overview of the theory -- Characteristics of hard to maintain behaviours -- The roles of the operational and executive systems -- Environmental influences : the context of change -- Conceptual influences on change -- The structure of the change process -- Interventions for behaviour change -- Using ceos to advance knowledge.
|
| 588 |
|
|
|a Description based on print version record and CIP data provided by publisher.
|
| 650 |
|
0 |
|a Behavior modification.
|
| 650 |
|
0 |
|a Change (Psychology)
|
| 650 |
|
0 |
|a Habit breaking.
|
| 650 |
|
0 |
|a Habit.
|
| 650 |
|
7 |
|a PSYCHOLOGY / Cognitive Psychology
|2 bisacsh
|
| 650 |
|
7 |
|a SCIENCE / Cognitive Science
|2 bisacsh
|
| 650 |
|
7 |
|a Behavior modification.
|2 fast
|0 (OCoLC)fst00829918
|
| 650 |
|
7 |
|a Change (Psychology)
|2 fast
|0 (OCoLC)fst00852062
|
| 650 |
|
7 |
|a Habit.
|2 fast
|0 (OCoLC)fst00950030
|
| 650 |
|
7 |
|a Habit breaking.
|2 fast
|0 (OCoLC)fst00950033
|
| 655 |
|
4 |
|a Electronic books.
|
| 655 |
|
0 |
|a Electronic books.
|
| 776 |
0 |
8 |
|i Print version:
|a Borland, Ron.
|t Understanding hard to maintain behaviour change.
|d Chichester, West Sussex, UK : Wiley Blackwell, Addiction Press, 2014
|z 9781118572931
|w (DLC) 2013034134
|w (OCoLC)858749423
|
| 856 |
4 |
0 |
|u https://doi.org/10.1002/9781118572894
|z Full Text via HEAL-Link
|
| 994 |
|
|
|a 92
|b DG1
|